LEADER 01383nam a2200313 u 4500 001 000000052813 003 CaOOAMICUS 005 20070226115506.0 008 001025s1954 ja u000 u und u 035 $a10859453 040 $aPUL(R)$bita 110 1 $aGiappone.$0(OLS)http://pul/name/28225 240 10$aCodice civile$9(Giappone).$lInglese.$0(OLS)http://pul/title/70820 245 14$aThe civil code of Japan :$b(As of 1961) 260 $aTokio :$bEibun-Horei-Sha, Inc.,$c1954. 300 $av. <2 > ;$c21 cm 490 1 $aEHS Law bulletin series ;$vvol. 2 500 $aInclude indice. 500 $aIn cop.: Under authorization of the ministry of justice & the codes translation committee. 500 $aSul front. agg.: Amendments of the civil code of Japan. 500 $aSul front. agg.: Pocket Part to Vol. II FA-FAA for 1962. 505 1 $aVol. 2: FA-FAA. 650 4$aDiritto civile$zGiappone.$0(OLS)http://pul/subject/17974 830 0$aEHS law bulletin series (Eibun-Horei-Sha) ;.$0(OLS)http://pul/title/70822 850 $aPUL 852 $aPUL$W1$xDP1 Fondo Ciprotti$y59$m1543 E 38$j69756$nBK-PRI$b $qFondi$B69756$CPULBib$Z2$F69756 $H $81 941 1 $a1 996 $6245$aThe civil code of Japan :$b(As of 1961)$9(OLS)http://pul/title/70821 996 $6260$aTokio :$bEibun-Horei-Sha, Inc.$9(OLS)http://pul/publisher/68387 LEADER 01401nam a2200325 a 4500 001 000000160412 003 CaOOAMICUS 005 20170502094749.0 008 170502s2015 it ab u001 u ita r 020 $a978-88-207-6365-7* 032 $aLibriCat 040 $aPUL$bita 100 1 $aCoppola, Giovanni.$0(OLS)http://pul/name/102631 245 10$aBattaglie normanne di terra e di mare :$bItalia meridionale, secoli XI-XII /$cGiovanni Coppola. 260 $aNapoli :$bLiguori,$cİ2015. 300 $aVIII, 262 p. :$bill., c. geogr. ;$c24 cm. 490 1 $aBiblioteca 490 1 $aNuovo Medioevo ;$v99 504 $aBibliografia in nota. 650 4$aNormanni$xStoria$ysec. XI.$0(OLS)http://pul/subject/13594 651 4$aItalia meridionale$xStoria$ySec. XI-XII.$0(OLS)http://pul/subject/44534 830 0$aBiblioteca (Liguori editore).$0(OLS)http://pul/title/39222 830 0$aNuovo Medioevo ;$v99.$0(OLS)http://pul/title/338 850 $aPUL 852 $aPUL$W1$xSL Filosofia 3$y81$m110(1) E 99$j184024$qDDC 21$B187232$CPULBib$Z2$F187232 $H129508 $81 941 1 $a9 996 $6020$a978-88-207-6365-7*$9(OLS)http://pul/number/162540 996 $6245$aBattaglie normanne di terra e di mare :$bItalia meridionale, secoli XI-XII$9(OLS)http://pul/title/200059 996 $6260$aNapoli :$bLiguori$9(OLS)http://pul/publisher/48007